000 00833nam a22001817a 4500
005 20251226125022.0
020 _a978-1787334342
082 _a823 HAR
100 _aSamantha Harvey
_91219
245 _aOrbital
250 _a1
260 _aVintage
_bUnited Kingdom
_c2025
300 _aHardcover ‏ : ‎ 144 pages
_bItem Weight ‏ : ‎ 229 g Dimensions ‏ : ‎ 13.6 x 1.7 x 20.6 cm
520 _aOrbital by Samantha Harvey is a 2024 Booker Prize-winning, contemplative novel following six astronauts and cosmonauts aboard the International Space Station for a single day (16 orbits). It explores themes of existentialism, environmentalism, grief, and human connection while observing Earth's fragility, beauty, and borderless nature from space.
546 _aLanguage ‏ : ‎ English
650 _aGEN
_92
942 _cBK
999 _c38163
_d38163